000 00492nam a22002177a 4500
003 UA-OsUOA
001 38027
007 ta
008 20060421b un ||||| |||| 00| 0 ukr d
100 _aСесенюк Валентина
090 _a32
_bС11
942 _cSA
040 _aUA-OsUOA
_bukr
_cUA-OsUOA
_dUA-OsUOA
245 _aСховище в зоні
300 _a8-9 с.
955 _a0
041 _aukr
080 _a32
773 0 _w38025
650 7 _a32 Політика
_2UDC
999 _c324191
_d324191